Presentado al banco internacional de reconstrucciones y fomento, sobre el mercado colombiano de capitales / (Registro nro. 12102)

Detalles MARC
000 -LEADER
fixed length control field 00672nam a2200205Ia 4500
003 - CONTROL NUMBER IDENTIFIER
control field OSt
005 - DATE AND TIME OF LATEST TRANSACTION
control field 20210805155927.0
008 - FIXED-LENGTH DATA ELEMENTS--GENERAL INFORMATION
fixed length control field 210310s1953 wau gr 000 0 spa d
040 ## - CATALOGING SOURCE
Original cataloging agency CO-JMCR
Transcribing agency CO-JMCR
041 0# - LANGUAGE CODE
Language code of text/sound track or separate title spa
082 04 - DEWEY DECIMAL CLASSIFICATION NUMBER
Classification number 332.15 /
Item number M152i
Edition number 23
100 1# - MAIN ENTRY--PERSONAL NAME
Personal name Manero, Alfonso,
Relator term autor
9 (RLIN) 16308
245 10 - TITLE STATEMENT
Title Presentado al banco internacional de reconstrucciones y fomento, sobre el mercado colombiano de capitales /
Statement of responsibility, etc. Alfonso Manero
260 ## - PUBLICATION, DISTRIBUTION, ETC.
Place of publication, distribution, etc. Washington,
Name of publisher, distributor, etc. Imprenta Nacional,
Date of publication, distribution, etc. 1953
300 ## - PHYSICAL DESCRIPTION
Extent 64 páginas ;
Dimensions 24 cm.
501 ## - WITH NOTE
With note Con: notas a pie de página.
650 14 - SUBJECT ADDED ENTRY--TOPICAL TERM
Topical term or geographic name entry element Historia económica
9 (RLIN) 39126
650 24 - SUBJECT ADDED ENTRY--TOPICAL TERM
Topical term or geographic name entry element Inversiones
9 (RLIN) 39127
942 ## - ADDED ENTRY ELEMENTS (KOHA)
Source of classification or shelving scheme Dewey Decimal Classification
Koha item type Books
Existencias
Withdrawn status Lost status Source of classification or shelving scheme Damaged status Not for loan Home library Current library Shelving location Date acquired Source of acquisition Full call number Barcode Date last seen Copy number Price effective from Koha item type
    Dewey Decimal Classification     Biblioteca Pública José María del Castillo y Rada Biblioteca Pública José María del Castillo y Rada General Stacks 04/15/2018 Donación 332.15 / M152i 430002446 05/16/2024 Ej.1 03/10/2021 Books